Chinese Buddhism : historical, descriptive, and critical

Bibliographic Details
Main Author: Edkins, Rev. Joseph
Format: Book
Published: New Delhi : Aryan Books International , 1996
Series:The Masterpiece library of Buddhism 8
Subjects:

MARC

LEADER 00000cam a2200000 7i4500
001 0000039508
005 20131230.0
008 131230
020 |a 8173051038 
090 0 0 |a 294.3   |b THO 
100 1 |a Edkins, Rev. Joseph 
245 1 0 |a Chinese Buddhism :   |b historical, descriptive, and critical   |c Rev. Joseph Edkins 
260 |a New Delhi :   |b Aryan Books International ,   |c 1996 
440 |a The Masterpiece library of Buddhism 8 
650 0 |a Buddhism   |x Doctrines 
650 0 |a Buddhism   |x History 
650 0 |a Buddhism   |x Law 
650 0 |a Buddhism   |x Life experince 
650 0 |a Buddhism   |x Player 
650 0 |a Buddhism   |z Tibet 
999 |a 0001257928   |b Book   |c Adult Collection   |e Perbadanan Perpustakaan Awam Johor